2009 Annual report

保存先:
書誌詳細
団体著者: European network against racism
フォーマット: 図書
言語:英語
出版事項: Bruxelles 2009 annual report
タグ: タグ追加
タグなし, このレコードへの初めてのタグを付けませんか!

MARC

LEADER 00000nam a2200000 4500
005 20240605184918.0
008 240605b |||||||| |||| 00| 0 eng d
040 |c GP 
110 |a European network against racism 
245 |a 2009 Annual report 
260 |a Bruxelles  |b 2009 annual report 
942 |2 ddc  |c BK  |n 0 
952 |0 0  |1 0  |2 ddc  |4 0  |6 323_409400000000000_ENA  |7 1  |9 1366  |a RM  |b RM  |d 2024-06-05  |l 0  |o 323.4094 ENA  |p 202  |r 2024-06-05 18:49:42  |w 2024-06-05  |y BK 
999 |c 1256  |d 1256